| 000 | 01246nam a22002895a 4500 | ||
|---|---|---|---|
| 003 | OSt | ||
| 005 | 20170522152212.0 | ||
| 008 | 170517s2011 su grb 000000 ara d | ||
| 015 | _a1430 / 5653 | ||
| 020 | _a9789960548197 | ||
| 040 |
_aEG-ScBUE _bara _cEG-ScBUE _dEG-ScBUE |
||
| 041 | 1 |
_aara _heng |
|
| 082 | 0 | 4 |
_a327.112 _bش و ا _222 |
| 100 | 1 | _aشوا، إيمي. | |
| 240 | 1 | 0 |
_aDay of empire : how hyperpowers rise to global dominance--and why they fall. _lArabic. |
| 245 | 1 | 0 |
_aعصر الإمبراطورية : _bكيف تتربع القوى المطلقة على عرش العالم وأسباب سقوطها / _cإيمي شوا ؛ نقله إلى العربية منذر محمود صالح محمد. |
| 250 | _aط. 1. | ||
| 260 |
_aالرياض : _bالعبيكان للنشر، _c2011. |
||
| 300 |
_a524 ص. ؛ _c24 سم. |
||
| 504 | _aيشتمل على إرجاعات ببليوجرافية. | ||
| 546 | _aالنص باللغة العربية ؛ مترجم من اللغة الإنجليزية. | ||
| 650 | 7 |
_2BUEsh _917594 _aالسياسة الدولية. |
|
| 650 | 7 |
_2BUEsh _aالحضارة الرومانية. |
|
| 653 |
_bGGEN _cMay2017 |
||
| 700 | 1 |
_aمحمد، منذر محمود صالح، _eمعرب. |
|
| 942 | _2ddc | ||
| 999 |
_c24861 _d24833 |
||